Recursive programming techniques /
Uložené v:
| Hlavný autor: | |
|---|---|
| Médium: | Kniha |
| Jazyk: | English |
| Vydavateľské údaje: |
Reading :
Addison-Wesley,
1975
|
| Edícia: | The Systems Programming Series
|
| Tagy: |
Žiadne tagy, Buďte prvý, kto otaguje tento záznam!
|
MARC
| LEADER | 00000nam a22000003a 4500 | ||
|---|---|---|---|
| 001 | stu91 | ||
| 005 | 20150617225621.3 | ||
| 008 | 910319s1975----xxu-----------------eng-d | ||
| 020 | |a 0-201-14450-6 | ||
| 040 | |a STU |b slo | ||
| 041 | 0 | |a eng | |
| 044 | |a xxu | ||
| 080 | |a 681.3.06 | ||
| 100 | 1 | |a Burge, William H |4 aut | |
| 245 | 1 | |a Recursive programming techniques / |c [aut.] Burge,William H | |
| 260 | |a Reading : |b Addison-Wesley, |c 1975 | ||
| 300 | |a 277 s | ||
| 830 | 0 | |a The Systems Programming Series | |
| 996 | |b 284IK06263 |c I*18A4461 |l II680 |s A |a 24 |w stu91_0001 | ||